| 000 | 00000nam 2200000zi 4500 |
| 001 | 9.892650 |
| 003 | CaOODSP |
| 005 | 20230426112708 |
| 006 | m o d f |
| 007 | cr |n||||||||| |
| 008 | 201021e19790508onc o f000 0|eng d |
| 040 | |aCaOODSP|beng|erda|cCaOODSP |
| 043 | |an-cn--- |
| 086 | 1 |aCo23-108/1979E-PDF |
| 100 | 1 |aPrentis, M. R., |eauthor. |
| 245 | 14|aThe information revolution : |bsome policy perceptions / |cM.R. Prentis. |
| 264 | 1|aOttawa : |bDepartment of Communications, Government of Canada, |c8 May 1979. |
| 300 | |a1 online resource (18 pages) |
| 336 | |atext|btxt|2rdacontent |
| 337 | |acomputer|bc|2rdamedia |
| 338 | |aonline resource|bcr|2rdacarrier |
| 500 | |aDigitized edition from print [produced by Innovation, Science and Economic Development Canada]. |
| 650 | 0|aInformation society. |
| 650 | 0|aInformation technology. |
| 650 | 6|aSociété de l'information. |
| 650 | 6|aTechnologie de l'information. |
| 710 | 1 |aCanada. |bDepartment of Communications, |eissuing body. |
| 856 | 40|qPDF|s297 KB|uhttps://publications.gc.ca/collections/collection_2023/isde-ised/Co23-108-1979-eng.pdf |